Barking Up the Wrong Tree: (Record no. 10525)

MARC details
000 -LEADER
fixed length control field 00487nam a22001577a 4500
005 - DATE AND TIME OF LATEST TRANSACTION
control field 20260106090003.0
008 - FIXED-LENGTH DATA ELEMENTS--GENERAL INFORMATION
fixed length control field 260106b |||||||| |||| 00| 0 eng d
020 ## - INTERNATIONAL STANDARD BOOK NUMBER
International Standard Book Number 978-0-06-285220-5
082 ## - DEWEY DECIMAL CLASSIFICATION NUMBER
Classification number 813.54
100 ## - MAIN ENTRY--PERSONAL NAME
Personal name Eric Barker
245 ## - TITLE STATEMENT
Title Barking Up the Wrong Tree:
Remainder of title the surprising science behind why everything you know about success is (mostly) wrong
260 ## - PUBLICATION, DISTRIBUTION, ETC.
Name of publisher, distributor, etc. Harper Collin,
Date of publication, distribution, etc. 2017
300 ## - PHYSICAL DESCRIPTION
Extent 307 p.
Dimensions 20.5 cm
942 ## - Added entry Elements (Koha)
Source of classification or shelving scheme Dewey Decimal Classification

No items available.

Royal Thimphu College || All Right Reserved